Statistics for Kansas Songs

Click here to take the quiz!

General Stats

  • This quiz has been taken 4 times
  • The average score is 4 of 8

Answer Stats

HintAnswer% Correct
#4Belexes
75%
#2Bringing It Back
75%
#1Can I Tell You
75%
#8Death Of Mother Nature Suite
75%
#3Lonely Wind
50%
#6The Pilgrimage
25%
#7Aprecu
0%
#5Journey In Mariabron
0%

Score Distribution

Percentile by Number Answered

Percent of People with Each Score

Your Score History

You have not taken this quiz